000
00324nam a22001457a 4500
020
_a
81-204-0910-8
041
_a
ENG
100
_a
Mavi H.S
245
_a
Introduction to Agrometeorology
250
_a
Second Edition
260
_a
Delhi
_b
Oxford
_c
1997
300
_a
281
650
_a
Agricultural
856
_u
Agricultural
999
_c
385
_d
385